Komerčné banky na peňažnom trhu využitie nástrojov a operácií na peňažnom trhu

Guardado en:
Detalles Bibliográficos
Autor principal: Malacká, Viera
Autor Corporativo: Vedecká rada Národohospodárskej fakulty EU v Bratislave
Otros Autores: Chovancová, Božena
Formato: Libro
Lenguaje:eslovaco
Publicado: Bratislava 2003
Materias:
Etiquetas: Agregar Etiqueta
Sin Etiquetas, Sea el primero en etiquetar este registro!

MARC

LEADER 00000nam$a2200000$$$4500
001 0024610
005 20230224100229.5
041 0 |a slo 
044 |a SK 
245 1 0 |a Komerčné banky na peňažnom trhu  |b využitie nástrojov a operácií na peňažnom trhu  |c Viera Malacká ; školiteľ: Božena Chovancová 
264 1 |a Bratislava  |c 2003 
300 |a 24 s. 
610 2 0 |a banky 
610 2 0 |a bankovníctvo 
610 2 0 |a banky obchodné 
610 2 0 |a trh peňažný 
610 2 0 |a nástroje finančné 
100 1 |a Malacká, Viera 
700 1 |a Chovancová, Božena 
710 2 |a Vedecká rada Národohospodárskej fakulty EU v Bratislave